=LDR 00000nam 2200000 4500 =001 INLIS000000000017555 =005 20130612112751 =008 ***********************************Ind** =035 ##$$0010-061300000017555 =041 ##$$a Ind =082 ##$$a 636.086 =090 ##$$a 636.086, And b =100 ##$$a Andoko, Agus =245 ##$$a Bertanam miled untuk pakan burung, Drs. Agus Andoko =260 ##$$a 2001 $b Jakarta =300 ##$$a viii, 64 hlm, ilus, 21 cm =650 ##$$a Burung Pakan =850 ##$$a NBPNMAT